Welcome to CU Library Online Public Access Catalogue (OPAC)

Concise dictionary of Christianity in America / (Record no. 7128)

MARC details
000 -LEADER
fixed length control field 00867cam a2200205 a 4500
001 - CONTROL NUMBER
control field 1617116
005 - DATE AND TIME OF LATEST TRANSACTION
control field 20250723175742.0
008 - FIXED-LENGTH DATA ELEMENTS--GENERAL INFORMATION
fixed length control field 950821s1995 ilu bd 000 0 eng
020 ## - INTERNATIONAL STANDARD BOOK NUMBER
International Standard Book Number 0830814469
Qualifying information paper : alk. paper
020 ## - INTERNATIONAL STANDARD BOOK NUMBER
International Standard Book Number 9780830814466
Qualifying information (paper : alk. paper)
050 00 - LIBRARY OF CONGRESS CALL NUMBER
Classification number BR515
Item number .C665 1995
082 00 - DEWEY DECIMAL CLASSIFICATION NUMBER
Classification number 277.3/003
Edition information 20
245 00 - TITLE STATEMENT
Title Concise dictionary of Christianity in America /
Statement of responsibility, etc. coordinating editor, Daniel G. Reid ; consulting editors, Robert D. Linder, Bruce L. Shelley, Harry S. Stout ; Abridging editor, Craig A. Noll.
260 ## - PUBLICATION, DISTRIBUTION, ETC.
Place of publication, distribution, etc. Downers Grove, Ill. :
Name of publisher, distributor, etc. InterVarsity Press,
Date of publication, distribution, etc. c1995.
300 ## - PHYSICAL DESCRIPTION
Extent 378 p. ;
Dimensions 23 cm.
500 ## - GENERAL NOTE
General note "A condensation of the Dictionary of Christianity in America, which was published in 1990"--Pref.
650 #0 - SUBJECT ADDED ENTRY--TOPICAL TERM
Topical term or geographic name entry element Christianity
Geographic subdivision United States
General subdivision Dictionaries.
700 1# - ADDED ENTRY--PERSONAL NAME
Personal name Reid, Daniel G.,
Dates associated with a name 1949-
942 ## - ADDED ENTRY ELEMENTS (KOHA)
Source of classification or shelving scheme Library of Congress Classification
Koha item type Books
Suppress in OPAC No
999 ## -
-- 7128
-- 7128
Holdings
Withdrawn status Lost status Source of classification or shelving scheme Damaged status Not for loan Collection Home library Current library Shelving location Date acquired Total checkouts Full call number Barcode Date last seen Copy number Price effective from Koha item type
    Library of Congress Classification     Reference Undergraduate Library (Christ Temple) Undergraduate Library (Christ Temple) General stacks 07/23/2025   REF BR515 CON ulct00004103 07/23/2025 1 07/23/2025 Books
© 2023-2024 Copyright: Central University Libraries. All Rights Reserved | Created by: Mahone Tech Office